| 000 | 01417namaa22003251i 4500 | ||
|---|---|---|---|
| 005 | 20260224113656.0 | ||
| 008 | 260207s1996 ua a|||fr|m|| 000 0 eng d | ||
| 040 |
_aEG-GICUC _beng _cEG-GICUC _dEG-GICUC _erda |
||
| 041 | 0 |
_aeng _beng _bara |
|
| 049 | _aDeposit | ||
| 097 | _aM.Sc | ||
| 099 | _aCai01.08.01.M.Sc.1996.Ma.E. | ||
| 100 | 0 |
_aManal Mohamed Abd El- Mohsen, _epreparation. |
|
| 245 | 1 | 0 |
_aEffect of Stress and nicotine on certain biochemical aspects in rats / _cBy Manal Mohamed Abd El- Mohsen; Supervised Prof. Dr. Nabila A.F. Ismail, Prof. Dr. Tarek M. K. Motawi , Dr. Atef T. Fahim |
| 246 | 1 | 5 | _aتأثير الضغط العصبي والنيكوتين على بعض النواحى الكيموحيوية فى الجرذان |
| 264 | 0 | _c1996. | |
| 300 |
_a161 Leaves : _billustrations ; _c30 cm. + |
||
| 336 |
_2rda content _atext |
||
| 337 |
_2rdamedia _aUnmediated |
||
| 338 |
_2rdacarrier _avolume |
||
| 502 | _aThesis (M.Sc.)-Cairo University, 1996 | ||
| 504 | _aBibliography: pages 113 : 152 | ||
| 653 | 0 | _abiochemical aspects in rats | |
| 700 | 0 |
_aNabila A.F. Ismail _ethesis advisor. |
|
| 700 | 0 |
_aTarek M.K. Motawi _ethesis advisor. |
|
| 700 | 0 |
_aAtef T. Fahim _ethesis advisor. |
|
| 900 |
_DDepartment of Biochemistry _FFaculty of Pharmacy _UCairo University _b1996 _cNabila A.F. Ismail _cTarek M.K. Motawi _cAtef T. Fahim |
||
| 905 |
_aNagat _eNourhan |
||
| 942 |
_2ddc _cTH _e21 _n0 |
||
| 999 | _c178217 | ||